| 000 | 00995nam a22002897a 4500 | ||
|---|---|---|---|
| 008 | 130821s1945 ag gr spa | ||
| 040 |
_aCo-BoUCM _bspa |
||
| 041 | 0 | 0 | _aspa |
| 092 | _aFN 000023 12a. ed | ||
| 100 |
_aCronin, Archibaldo Jose _d1896-1981 _9149554 |
||
| 245 | 0 | 3 |
_aLa ciudadela _bEl drama de los médicos y de la medicina _cArchibaldo J. Cronin, traducción de la edición inglesa por Enrique Pepe |
| 250 | _a12a. ed | ||
| 260 |
_aBuenos Aires (Argentina) _bEditorial Claridad _c1945 |
||
| 300 | _a414 páginas | ||
| 490 | _aBiblioteca de Obras Famosas; v.29 | ||
| 500 | _aEste libro se encuentra en el depósito de la biblioteca | ||
| 650 | 0 | 4 |
_aLiteratura inglesa _9272 |
| 650 | 0 | 4 |
_aMedicina _97820 |
| 650 | 0 | 4 |
_aMedicina _vNovela _9225 |
| 650 | 0 | 4 |
_aMédicos _919211 |
| 650 | 0 | 4 |
_aMédicos _vNovela _919211 |
| 650 | 0 | 4 |
_aNovela inglesa _920530 |
| 650 | 0 | 4 |
_aNovela _97878 |
| 700 |
_aPepe, Enrique. _eTr _9170768 |
||
| 765 | _tThe citadel | ||
| 942 |
_cLIBRO _a27 _e1 _n0 |
||
| 999 |
_c85398 _d85398 |
||